Film or Stage Actor? Quiz Stats

 Plays Quiz Updated May 19, 2016

Score 0/24 Timer 04:00
1 Play Today
Role (Production): Actor (F)ilm or (S)tage % Correct
Elle Woods (Legally Blonde): Reese Witherspoon???
91%
Shrek (Shrek): Mike Myers???
90.2%
Maria (The Sound of Music): Julie Andrews???
89.6%
Fantine (Les Misérables): Anne Hathaway???
89.4%
Ren McCormick (Footloose): Kevin Bacon???
89.1%
Witch (Into the Woods): Meryl Streep???
87.6%
Mufasa (The Lion King): James Earl Jones???
86.2%
Eva Perón (Evita): Madonna???
85.9%
Sandy (Grease): Carole Demas???
83.1%
J. Pierrepont Finch (How to Succeed...): Daniel Radcliffe???
79.4%
Nathan Detroit (Guys and Dolls): Frank Sinatra???
78.3%
Christine Daaé (Phantom of the Opera): Sarah Brightman???
77.5%
Role (Production): Actor (F)ilm or (S)tage % Correct
Hedwig (Hedwig and the Angry Inch): Neil Patrick Harris???
77.1%
Mrs. Lovett (Sweeney Todd): Angela Lansbury???
75.8%
Seymour Krelborn (Little Shop of Horrors): Hunter Foster???
75.2%
Edna Turnblad (Hairspray): Harvey Fierstein???
73.8%
Don Lockwood (Singin' in the Rain): Don Correia???
71.2%
The Monster (Young Frankenstein): Peter Boyle???
71.1%
Emcee (Cabaret): Alan Cumming???
69.8%
Dorothy (The Wiz): Diana Ross???
67.5%
Rose (Gypsy): Ethel Merman???
63.4%
Miss Agatha Hannigan (Annie): Jane Lynch???
61.4%
Anita (West Side Story): Chita Rivera???
60.7%
Laurey Williams (Oklahoma!): Shirley Jones???
57.5%

You're not logged in!

Compare scores with friends on all Sporcle quizzes.
OR
Log In

Show Comments

Extras

Top Quizzes Today


Score Distribution

Your Account Isn't Verified!

In order to create a playlist on Sporcle, you need to verify the email address you used during registration. Go to your Sporcle Settings to finish the process.

Report this User

Report this user for behavior that violates our Community Guidelines.

Details: